[Event "FB22 1920 SK Doppelbauer Kiel - SV Mülh"]
[Site "?"]
[Date "2019.12.15"]
[Round "4.2"]
[White "Wohlers-Armas, Friederike"]
[Black "Limbourg, Marina"]
[Result "0-1"]
[WhiteElo "1973"]
[BlackElo "2023"]
[PlyCount "134"]
[EventDate "2019.??.??"]

1. d4 Nf6 2. c4 g6 3. Nc3 d5 4. cxd5 Nxd5 5. e4 Nxc3 6. bxc3 Bg7 7. Be3 c5 8.
Qd2 O-O 9. Bc4 a6 10. Ne2 cxd4 11. cxd4 Nc6 12. Rc1 Bd7 13. O-O b5 14. Bd3 Rc8
15. a4 bxa4 16. Bxa6 Rb8 17. Rb1 Qa5 18. Qxa5 Nxa5 19. Bf4 Rb3 20. Rxb3 Nxb3
21. Be3 a3 22. Bc4 Rb8 23. Bxb3 Rxb3 24. Ra1 Bb5 25. Nc1 Rc3 26. Bd2 Rc2 27.
Be3 h5 28. Rxa3 Bxd4 29. Ra2 Rc4 30. Ne2 Rb4 31. h3 Bxe3 32. fxe3 Bxe2 33. Rxe2
Rxe4 34. Kf2 Kg7 35. Kf3 f5 36. Ra2 Kf6 37. Ra8 Rb4 38. g3 g5 39. Ra6+ e6 40.
Ra5 g4+ 41. hxg4 fxg4+ 42. Kf2 Rb2+ 43. Kf1 e5 44. Ra4 Rd2 45. Rb4 Kg5 46. Rb5
Kf5 47. Rb4 h4 48. gxh4 Rh2 49. h5 Rxh5 50. Kf2 Rh2+ 51. Kf1 g3 52. Ra4 Rf2+
53. Ke1 Rf3 54. Ke2 e4 55. Ra8 Kg4 56. Rg8+ Kh3 57. Rh8+ Kg2 58. Rg8 Rf2+ 59.
Ke1 Kf3 60. Rf8+ Kxe3 61. Rg8 Kf3 62. Rf8+ Ke3 63. Rg8 Re2+ 64. Kd1 Rg2 65. Rg7
Rg1+ 66. Kc2 g2 67. Kb2 Rf1 0-1

[Event "FB22 1920 SK Doppelbauer Kiel - SV Mülh"]
[Site "?"]
[Date "2019.12.15"]
[Round "4.3"]
[White "Kinzel, Tiffany"]
[Black "Hielscher, Ursula"]
[Result "1-0"]
[WhiteElo "1785"]
[BlackElo "1804"]
[PlyCount "71"]
[EventDate "2019.??.??"]

1. d4 d5 2. e3 Bf5 3. c4 e6 4. Nc3 Nf6 5. a3 Nbd7 6. Nf3 dxc4 7. Bxc4 Nb6 8.
Ba2 Be7 9. O-O O-O 10. Re1 c5 11. h3 cxd4 12. Nxd4 Bg6 13. Qe2 e5 14. Nf3 Qc7
15. e4 a6 16. Bg5 h6 17. Be3 Nbd7 18. Rac1 Qb8 19. Nd2 Rd8 20. Nd5 Nxd5 21.
Bxd5 Nf6 22. Ba2 Nxe4 23. Nxe4 Bxe4 24. Bxh6 Bd5 25. Qg4 Bf6 26. Bb1 Be6 27.
Qg3 e4 28. Bf4 Qa7 29. Bxe4 Bxb2 30. Rc7 Rd7 31. Rxd7 Bxd7 32. Qh4 g6 33. Bxg6
fxg6 34. Re7 Be6 35. Qh7+ Kf8 36. Bh6+ 1-0

[Event "FB22 1920 SK Doppelbauer Kiel - SV Mülh"]
[Site "?"]
[Date "2019.12.15"]
[Round "4.4"]
[White "Franzenburg, Maria"]
[Black "Hiebsch, Catalina"]
[Result "1/2-1/2"]
[WhiteElo "1860"]
[BlackElo "1797"]
[PlyCount "56"]
[EventDate "2019.??.??"]

1. f4 d5 2. Nf3 c5 3. g3 Nc6 4. Bg2 Bg4 5. O-O Nf6 6. d3 e6 7. c3 Qb6 8. Kh1
Be7 9. Na3 c4 10. b4 cxd3 11. Qxd3 Bf5 12. Qb5 Qxb5 13. Nxb5 Rc8 14. Bb2 a6 15.
Nbd4 Nxd4 16. Nxd4 Be4 17. Rac1 Bxg2+ 18. Kxg2 Ne4 19. Ba1 b5 20. f5 e5 21. Nf3
f6 22. Rfd1 Rd8 23. Nd2 Nd6 24. g4 Nc4 25. Nxc4 dxc4 26. Rxd8+ Kxd8 27. Rd1+
Kc7 28. Bb2 h5 1/2-1/2

[Event "FB22 1920 SK Doppelbauer Kiel - SV Mülh"]
[Site "?"]
[Date "2019.12.15"]
[Round "4.5"]
[White "Stoer, Agnes"]
[Black "Willrodt, Sonja"]
[Result "0-1"]
[WhiteElo "1862"]
[BlackElo "1870"]
[PlyCount "102"]
[EventDate "2019.??.??"]

1. c4 c5 2. Nc3 Nc6 3. g3 Nf6 4. Bg2 g6 5. e4 Bg7 6. Nge2 d6 7. d4 cxd4 8. Nxd4
O-O 9. O-O Nxe4 10. Nxc6 Nxc3 11. Qe1 bxc6 12. Bxc6 Bh3 13. bxc3 Bxf1 14. Kxf1
Rc8 15. Bb5 Qa5 16. Bd2 Rc7 17. Qe4 a6 18. Bc6 Bxc3 19. Bxc3 Qxc3 20. Re1 Qa5
21. Re2 e6 22. Rb2 Rfc8 23. Bb7 Rxc4 24. Qd3 Rc1+ 25. Kg2 Rd8 26. Bxa6 d5 27.
Rb7 Qxa2 28. Qf3 Rf8 29. Bb5 Qc2 30. Be8 Qf5 31. Qxf5 gxf5 32. Ba4 Rfc8 33. Kf3
R8c7 34. Rb8+ Kg7 35. Rb6 h6 36. Be8 Kf6 37. Ke3 Ra1 38. Rb3 Ra8 39. Bb5 Rb7
40. Kd4 Rab8 41. Kc5 Ke5 42. Re3+ Kf6 43. Bc6 Rb2 44. Kd6 Rxf2 45. h4 Rd8+ 46.
Kc7 Ke7 47. Ba4 Rg2 48. Bb3 Rg1 49. Ba4 Rc1+ 50. Kb7 d4 51. Rd3 Rc3 0-1

[Event "FB22 1920 SK Doppelbauer Kiel - SV Mülh"]
[Site "?"]
[Date "2019.12.15"]
[Round "4.6"]
[White "Rommeck, Christiane"]
[Black "Lebioda-Dette, Kordula"]
[Result "0-1"]
[WhiteElo "1565"]
[BlackElo "1705"]
[PlyCount "74"]
[EventDate "2019.??.??"]

1. e4 e5 2. Nf3 Nc6 3. d4 exd4 4. Nxd4 Nxd4 5. Qxd4 d6 6. Bc4 Nf6 7. Be3 Be7 8.
Nc3 O-O 9. O-O c6 10. Rad1 b5 11. Be2 Be6 12. e5 Nd5 13. Nxd5 Bxd5 14. exd6
Qxd6 15. Bxb5 Qg6 16. f3 Bxf3 17. Rxf3 cxb5 18. Qd3 Qc6 19. Bd4 Bc5 20. Rf5
Bxd4+ 21. Qxd4 a6 22. Rc5 Qe6 23. a3 h6 24. Re5 Qc6 25. Qe4 Qb6+ 26. Kh1 Rad8
27. Rxd8 Qxd8 28. h3 Qd1+ 29. Kh2 Qd6 30. g3 Qf6 31. Kg2 Qd6 32. Qd5 Qf6 33. c3
Rd8 34. Qc5 Rd2+ 35. Kg1 Rd1+ 36. Kg2 Qf1+ 37. Kh2 Qh1# 0-1

[Event "FB22 1920 Delmenhorster SK - Hamburger "]
[Site "?"]
[Date "2020.02.02"]
[Round "5.1"]
[White "Scognamiglio, Stefanie"]
[Black "Moenster, Madita"]
[Result "1-0"]
[WhiteElo "2083"]
[BlackElo "1901"]
[PlyCount "95"]
[EventDate "2020.??.??"]

1. e4 c5 2. Nf3 d6 3. d3 Nc6 4. g3 g6 5. Bg2 Bg7 6. O-O e6 7. c3 Nge7 8. Be3
O-O 9. Qd2 Re8 10. Bh6 Bh8 11. h4 Ne5 12. Nxe5 Bxe5 13. h5 Nc6 14. Qe2 d5 15.
f4 Bg7 16. Bxg7 Kxg7 17. hxg6 hxg6 18. Na3 a6 19. Rae1 Bd7 20. Qf2 d4 21. Nc4
Qc7 22. Ne5 Rad8 23. Nf3 Bc8 24. Rd1 Qa5 25. Qc2 Rh8 26. a3 Qc7 27. e5 b6 28.
Ng5 Ne7 29. cxd4 Nf5 30. Qf2 Rxd4 31. Be4 Bb7 32. Qf3 Rd7 33. Rd2 Bxe4 34. Nxe4
Qd8 35. Kg2 Rh6 36. Rh1 Rxh1 37. Kxh1 c4 38. g4 Nd4 39. Qh3 Qh8 40. Qxh8+ Kxh8
41. dxc4 b5 42. cxb5 axb5 43. Kg2 Kg7 44. Nd6 Nb3 45. Ne8+ Kf8 46. Rxd7 Kxe8
47. Rb7 Nd4 48. Kf2 1-0

[Event "FB22 1920 Delmenhorster SK - Hamburger "]
[Site "?"]
[Date "2020.02.02"]
[Round "5.3"]
[White "Meyer, Bettina"]
[Black "Kohls, Vera"]
[Result "1-0"]
[WhiteElo "1965"]
[BlackElo "1712"]
[PlyCount "43"]
[EventDate "2020.??.??"]

1. d4 e6 2. c4 b6 3. Nc3 Bb7 4. e4 Bb4 5. Bd3 Bxc3+ 6. bxc3 Ne7 7. Qg4 Ng6 8.
Nf3 h6 9. h4 h5 10. Qg3 d6 11. Ng5 e5 12. Ne6 Qd7 13. Nxg7+ Kf8 14. Nf5 Nc6 15.
Bh6+ Rxh6 16. Nxh6 exd4 17. f4 Nce7 18. O-O Kg7 19. f5 Kxh6 20. Qg5+ Kg7 21.
f6+ Kg8 22. Qh6 1-0

[Event "FB22 1920 Delmenhorster SK - Hamburger "]
[Site "?"]
[Date "2020.02.02"]
[Round "5.4"]
[White "Luecke, Kristina"]
[Black "Zickelbein, Eva Maria"]
[Result "0-1"]
[WhiteElo "1512"]
[BlackElo "1949"]
[PlyCount "60"]
[EventDate "2020.??.??"]

1. e4 d6 2. d4 Nf6 3. Bd3 e5 4. c3 Be7 5. Ne2 O-O 6. O-O c5 7. d5 b5 8. Ng3 c4
9. Be2 Nbd7 10. Be3 Qc7 11. f4 Nc5 12. Nd2 exf4 13. Rxf4 Nfd7 14. Bd4 Ne5 15.
Bxe5 dxe5 16. Rf1 a5 17. b3 cxb3 18. axb3 a4 19. Bxb5 Qb6 20. Bc6 Nxe4+ 21. Kh1
Nxg3+ 22. hxg3 Bb7 23. Nc4 Qc7 24. Bxb7 Qxb7 25. bxa4 Ra6 26. d6 Bf6 27. Qg4
Bd8 28. Nxe5 Rxd6 29. Kg1 Bb6+ 30. Rf2 Bxf2+ 0-1

[Event "FB22 1920 Delmenhorster SK - Hamburger "]
[Site "?"]
[Date "2020.02.02"]
[Round "5.5"]
[White "Neumann, Ramona"]
[Black "Wilmink, Anna"]
[Result "0-1"]
[WhiteElo "1672"]
[BlackElo "1583"]
[PlyCount "44"]
[EventDate "2020.??.??"]

1. e4 c5 2. Nf3 Nc6 3. d4 cxd4 4. Nxd4 g6 5. c4 Bg7 6. Be3 Nf6 7. Nc3 O-O 8.
Be2 d6 9. O-O Nd7 10. Qd2 Nc5 11. f4 a6 12. f5 Ne5 13. b4 Ncd7 14. Rac1 Nb6 15.
Nd5 Nxd5 16. cxd5 Bd7 17. Kh1 Rc8 18. Bh6 Rxc1 19. Rxc1 Qb6 20. Bxg7 Kxg7 21.
Qb2 Kg8 22. Rc3 Qxd4 0-1

[Event "FB22 1920 Delmenhorster SK - Hamburger "]
[Site "?"]
[Date "2020.02.02"]
[Round "5.6"]
[White "Koenig, Emmilie"]
[Black "Hoefner, Nina"]
[Result "1/2-1/2"]
[WhiteElo "1514"]
[BlackElo "1580"]
[PlyCount "84"]
[EventDate "2020.??.??"]

1. d4 Nf6 2. Nf3 g6 3. Bf4 Bg7 4. e3 O-O 5. Nbd2 d6 6. h3 Nc6 7. c3 Re8 8. Nb3
Nd5 9. Bh2 e5 10. dxe5 dxe5 11. Bc4 Nb6 12. Qxd8 Rxd8 13. Bb5 f6 14. Bxc6 bxc6
15. Na5 c5 16. b3 Nd5 17. O-O-O Ba6 18. Nc6 Rd6 19. Rxd5 Rxc6 20. Rhd1 Bf8 21.
Rd8 Rxd8 22. Rxd8 c4 23. b4 Bb5 24. Nd2 Rd6 25. Rxd6 cxd6 26. f4 Kf7 27. g4 Ke6
28. a4 Bxa4 29. Nxc4 Bb5 30. Nd2 Bh6 31. c4 Bc6 32. h4 a6 33. Kb2 d5 34. g5 Bg7
35. Kb3 h6 36. c5 d4 37. exd4 exd4 38. gxh6 Bxh6 39. Kc4 Kf5 40. Nb3 Bb5+ 41.
Kxd4 Bd7 42. Ke3 Ke6 1/2-1/2

[Event "FB22 1920 Schachclub Steinfurt 1996 - S"]
[Site "?"]
[Date "2020.02.02"]
[Round "5.1"]
[White "Cosma, Elena-Luminita"]
[Black "Freitag, Julia"]
[Result "1-0"]
[WhiteElo "2310"]
[BlackElo "2115"]
[PlyCount "79"]
[EventDate "2020.??.??"]

1. d4 d5 2. Nf3 e6 3. g3 f5 4. Bg2 Bd6 5. O-O Nf6 6. c4 c6 7. Qc2 Ne4 8. b3 Nd7
9. Ba3 Bxa3 10. Nxa3 Qf6 11. b4 a6 12. Qb2 h5 13. c5 h4 14. gxh4 Nf8 15. Nc2
Ng6 16. Qc1 Nxh4 17. Qf4 Ng6 18. Qc7 Bd7 19. Ne5 Nxe5 20. Qxe5 Qxe5 21. dxe5
Nd2 22. Rfd1 Nc4 23. f4 Rh4 24. Rd4 Ke7 25. e3 a5 26. Bf1 axb4 27. Bxc4 dxc4
28. Nxb4 Rah8 29. Rad1 Be8 30. R1d2 Rh3 31. Nc2 g5 32. fxg5 Rg8 33. Rg2 Bh5 34.
Rxc4 Bd1 35. Rb4 Rb8 36. Nd4 Bf3 37. Nxf3 Rxf3 38. Rb3 Kf7 39. Rd2 Kg6 40. Kg2
1-0

[Event "FB22 1920 Schachclub Steinfurt 1996 - S"]
[Site "?"]
[Date "2020.02.02"]
[Round "5.2"]
[White "Tempelman, Kristianne"]
[Black "Voicu-Jagodzinsky, Carmen"]
[Result "0-1"]
[WhiteElo "1936"]
[BlackElo "2241"]
[PlyCount "98"]
[EventDate "2020.??.??"]

1. d4 Nf6 2. c4 c5 3. d5 e6 4. Nc3 exd5 5. cxd5 d6 6. e4 g6 7. Nf3 Bg7 8. Bd3
O-O 9. O-O Bg4 10. h3 Bxf3 11. Qxf3 a6 12. a4 Nbd7 13. Bf4 Qe7 14. Qe2 Nh5 15.
Bh2 Rfe8 16. Rfe1 Bd4 17. Qd2 Qf6 18. Bf1 Ne5 19. Nd1 Re7 20. Kh1 g5 21. Ne3
Ng7 22. Re2 h5 23. Rae1 b5 24. axb5 axb5 25. Nd1 Ra1 26. f4 gxf4 27. Bxf4 Nc4
28. Bg5 Nxd2 29. Bxf6 Nxf1 30. Bxe7 Ng3+ 31. Kh2 Nxe2 32. Bxd6 f6 33. Rxe2 Rxd1
34. Bf4 h4 35. g3 Nh5 36. Bc7 Nxg3 37. Bxg3 hxg3+ 38. Kxg3 Kf7 39. Kg4 c4 40.
h4 Be5 41. h5 Rg1+ 42. Kf3 Rg3+ 43. Kf2 Rh3 44. Ke1 Rxh5 45. Kd1 b4 46. Rc2
Rh1+ 47. Ke2 Rh2+ 48. Kd1 Rxc2 49. Kxc2 b3+ 0-1

[Event "FB22 1920 Schachclub Steinfurt 1996 - S"]
[Site "?"]
[Date "2020.02.02"]
[Round "5.3"]
[White "Ionica, Iulia-Ionela"]
[Black "Moeller, Hannah"]
[Result "1-0"]
[WhiteElo "2168"]
[BlackElo "1831"]
[PlyCount "101"]
[EventDate "2020.??.??"]

1. e4 g6 2. d4 Bg7 3. Nc3 d6 4. Be3 Nf6 5. Qd2 c6 6. f3 b5 7. a3 a5 8. d5 Bd7
9. dxc6 Nxc6 10. Bxb5 Ne5 11. Bd3 O-O 12. Nge2 Qc7 13. O-O Rab8 14. Rab1 Rfc8
15. Kh1 a4 16. Nf4 e6 17. Rfd1 Bf8 18. Nfe2 Nc4 19. Bxc4 Qxc4 20. Bh6 Rb6 21.
Bxf8 Rxf8 22. Qg5 Kg7 23. e5 Nd5 24. Rd4 Qa6 25. Rh4 Rh8 26. Nxd5 exd5 27. Qf6+
Kg8 28. Ng3 Qc8 29. exd6 Qxc2 30. Rg1 Qc8 31. Rb4 Rc6 32. Ne2 Qf8 33. Nc3 Qxd6
34. Qd4 h6 35. Nxd5 Kh7 36. Nc3 Ra8 37. Rd1 Qxd4 38. Rdxd4 Rc7 39. h3 Rca7 40.
Nd5 Be8 41. Nf6+ Kg7 42. Nxe8+ Rxe8 43. Rxa4 Rc7 44. Rac4 Rb7 45. b4 Re3 46. a4
Ra3 47. b5 h5 48. Rb4 Ra2 49. b6 Kf6 50. Rdc4 Rd7 51. b7 1-0

[Event "FB22 1920 Schachclub Steinfurt 1996 - S"]
[Site "?"]
[Date "2020.02.02"]
[Round "5.4"]
[White "Veldhuis, Karina"]
[Black "Moeller, Lisa-Marie"]
[Result "0-1"]
[WhiteElo "1822"]
[BlackElo "1873"]
[PlyCount "112"]
[EventDate "2020.??.??"]

1. d4 c5 2. e3 Nf6 3. Bd3 g6 4. Nf3 Bg7 5. c3 cxd4 6. exd4 O-O 7. O-O d6 8. Re1
Re8 9. Qb3 Nc6 10. Ng5 e6 11. Nd2 Qc7 12. Ndf3 h6 13. Ne4 Nxe4 14. Bxe4 e5 15.
Bd5 Na5 16. Qb4 Be6 17. Bxe6 Rxe6 18. d5 Ree8 19. Qh4 Qc4 20. Re4 Qxd5 21. Bd2
f5 22. Re2 Qc4 23. Rae1 Qxh4 24. Nxh4 Kf7 25. Re3 Bf6 26. Rh3 Bg7 27. Rd3 Nc4
28. Bc1 Rad8 29. b3 Nb6 30. Ba3 Bf6 31. g3 Be7 32. Ng2 Ke6 33. Nf4+ Kf6 34. Ne2
d5 35. Bc1 g5 36. a4 Rd7 37. a5 Na8 38. Red1 Red8 39. Be3 b6 40. Ra1 f4 41. Bc1
Ke6 42. axb6 Nxb6 43. Ra6 Bc5 44. gxf4 gxf4 45. Rh3 Rg8+ 46. Kf1 Rg6 47. Bxf4
Rf7 48. Be3 Bxe3 49. Rxe3 Rgf6 50. Nd4+ Kd6 51. Nb5+ Kc5 52. Nxa7 Rxf2+ 53. Kg1
R2f6 54. Ra5+ Kd6 55. Nb5+ Kc6 56. Rxe5 Rg7+ 0-1

[Event "FB22 1920 Schachclub Steinfurt 1996 - S"]
[Site "?"]
[Date "2020.02.02"]
[Round "5.5"]
[White "Naumenko, Valerija"]
[Black "Stoffers, Elsbeth"]
[Result "1-0"]
[WhiteElo "1670"]
[BlackElo "1414"]
[PlyCount "29"]
[EventDate "2020.??.??"]

1. e4 c6 2. c4 d5 3. cxd5 cxd5 4. exd5 Qxd5 5. Nc3 Qa5 6. d4 e6 7. Nf3 Nf6 8.
Bb5+ Bd7 9. Bxd7+ Nbxd7 10. O-O Be7 11. Re1 Nb6 12. Re5 Nfd5 13. Bd2 Nc4 14.
Nxd5 Nxd2 15. Nf6+ 1-0

[Event "FB22 1920 Lübecker SV - SK Doppelbauer"]
[Site "?"]
[Date "2020.02.02"]
[Round "5.2"]
[White "Braeutigam, Irina"]
[Black "Silz, Elisa"]
[Result "1-0"]
[WhiteElo "2062"]
[BlackElo "2061"]
[PlyCount "99"]
[EventDate "2020.??.??"]

1. e4 c5 2. Nc3 d6 3. Nf3 Nf6 4. Bc4 e6 5. d4 cxd4 6. Nxd4 a6 7. a4 Be7 8. O-O
O-O 9. Be3 Qc7 10. Qe2 b6 11. f3 Bd7 12. Kh1 Rc8 13. Bd3 Be8 14. f4 Qb7 15. Bg1
Nc6 16. Rae1 Nb4 17. Bc4 Rc7 18. Bb3 Nd7 19. f5 Nc5 20. fxe6 Nxb3 21. exf7+
Bxf7 22. cxb3 Bf6 23. Qd1 Rd8 24. Nf5 Be5 25. Bd4 Nc6 26. Bxe5 Nxe5 27. Nd5
Bxd5 28. exd5 Rf7 29. h3 Qd7 30. Ne3 Rdf8 31. Nc4 Nf3 32. Nxb6 Qd8 33. Rxf3
Rxf3 34. gxf3 Qxb6 35. Kg2 Qd8 36. Qd2 Qf6 37. Qe3 Kh8 38. Re2 h5 39. Rf2 h4
40. Qe6 Qg5+ 41. Qg4 Qf6 42. f4 g6 43. Qg5 Qd4 44. Qxh4+ Kg7 45. Qe7+ Rf7 46.
Qxd6 Rf5 47. Re2 Rxd5 48. Qe7+ Kh6 49. Qf8+ Kh5 50. Re5+ 1-0

[Event "FB22 1920 Lübecker SV - SK Doppelbauer"]
[Site "?"]
[Date "2020.02.02"]
[Round "5.4"]
[White "Braeutigam, Katerina"]
[Black "Hielscher, Ursula"]
[Result "0-1"]
[WhiteElo "1779"]
[BlackElo "1779"]
[PlyCount "132"]
[EventDate "2020.??.??"]

1. e4 e6 2. d4 d5 3. e5 c5 4. c3 Nc6 5. Nf3 Qb6 6. a3 Nge7 7. Bd3 Bd7 8. Bc2
Ng6 9. O-O Be7 10. b4 cxd4 11. cxd4 a5 12. bxa5 Nxa5 13. Nc3 Qc7 14. Ne2 Nc4
15. Nd2 O-O 16. Nxc4 dxc4 17. Bb2 Bb5 18. a4 Ba6 19. Qd2 c3 20. Nxc3 Bxf1 21.
Rxf1 Bb4 22. Bb3 Rfc8 23. Rc1 Qa5 24. Qe3 Ne7 25. g4 Qb6 26. Ne2 Rxc1+ 27. Bxc1
Rc8 28. Bb2 Bd2 29. Qd3 g6 30. Bxe6 Qxe6 31. Qxd2 Qxg4+ 32. Ng3 Nf5 33. Kf1
Qh3+ 34. Ke1 Nh4 35. Kd1 Qxh2 36. d5 Nf3 37. Qe2 Qg1+ 38. Qf1 Qxf1+ 39. Nxf1
Rd8 40. Ne3 h5 41. Ke2 Ng5 42. d6 Ne6 43. Nd5 Kg7 44. Ba3 Ra8 45. d7 Rxa4 46.
Nc7 Nd8 47. Be7 Nc6 48. Bf6+ Kf8 49. e6 fxe6 50. d8=Q+ Nxd8 51. Bxd8 Kf7 52.
Nb5 Ke8 53. Bf6 Kd7 54. Kf3 Rb4 55. Nc3 b5 56. Ne4 Kc6 57. Be7 Rb1 58. Kf4 Kd7
59. Bf6 b4 60. Nc5+ Kd6 61. Nd3 b3 62. Kg5 Rg1+ 63. Kf4 Kd5 64. Nb2 e5+ 65. Kf3
Rb1 66. Nd3 e4+ 0-1

[Event "FB22 1920 Lübecker SV - SK Doppelbauer"]
[Site "?"]
[Date "2020.02.02"]
[Round "5.6"]
[White "Fett, Sabine"]
[Black "Rommeck, Christiane"]
[Result "1/2-1/2"]
[WhiteElo "1686"]
[BlackElo "1559"]
[PlyCount "63"]
[EventDate "2020.??.??"]

1. e4 d5 2. e5 c5 3. f4 Bf5 4. Nf3 e6 5. Bb5+ Nd7 6. Nc3 c4 7. d4 a6 8. Bxd7+
Qxd7 9. O-O Be7 10. Ne2 Nh6 11. Ng5 O-O 12. Ng3 Bg4 13. Qe1 Nf5 14. c3 h6 15.
Nf3 Bxf3 16. Rxf3 Bh4 17. Qe2 Bxg3 18. hxg3 f6 19. g4 Ne7 20. Rh3 fxe5 21. fxe5
Ng6 22. g5 hxg5 23. Bxg5 Rf5 24. Be3 Raf8 25. Qg4 Qf7 26. Re1 Nf4 27. Bxf4 Rxf4
28. Qg5 Rf2 29. Qh4 Rf1+ 30. Rxf1 Qxf1+ 31. Kh2 Qf4+ 32. Qxf4 1/2-1/2

[Event "FB22 1920 SK Doppelbauer Kiel - SV Heme"]
[Site "?"]
[Date "2020.02.15"]
[Round "6.1"]
[White "Cosma, Elena-Luminita"]
[Black "Rath, Alina"]
[Result "1-0"]
[WhiteElo "2310"]
[BlackElo "2058"]
[PlyCount "105"]
[EventDate "2020.??.??"]

1. d4 d5 2. c4 e6 3. Nf3 c5 4. cxd5 exd5 5. g3 Nc6 6. Bg2 Nf6 7. O-O Be7 8.
dxc5 Bxc5 9. a3 O-O 10. b4 Bd6 11. Nc3 Re8 12. Bg5 Be6 13. Na4 Bc7 14. Rc1 Bd6
15. Nc5 Bxc5 16. Rxc5 h6 17. Be3 Ne4 18. Rc2 a6 19. Nd4 Nxd4 20. Qxd4 Qd7 21.
Rd1 Rad8 22. Qb6 Nf6 23. Bd4 Qa4 24. Rdc1 Ne4 25. Bb2 Nd6 26. Qd4 Nf5 27. Qf4
Rd7 28. Bh3 g6 29. Bxf5 Bxf5 30. Qxh6 d4 31. Rc8 Rdd8 32. Rxd8 Rxd8 33. Qf4 Qb3
34. Bxd4 Qxa3 35. Bf6 Rd6 36. Ra1 Qxa1+ 37. Bxa1 Rd1+ 38. Kg2 Rxa1 39. Qb8+ Kh7
40. Qxb7 Be6 41. Qc6 Rb1 42. Qc5 Rb2 43. e4 Ra2 44. h4 Rb2 45. h5 Ra2 46. Kf3
gxh5 47. Qxh5+ Kg7 48. Qg5+ Kh7 49. Qc5 Kg6 50. Kf4 Kg7 51. f3 Rh2 52. Qd6 Ra2
53. g4 1-0

[Event "FB22 1920 SK Doppelbauer Kiel - SV Heme"]
[Site "?"]
[Date "2020.02.15"]
[Round "6.2"]
[White "Silz, Elisa"]
[Black "Voicu-Jagodzinsky, Carmen"]
[Result "1/2-1/2"]
[WhiteElo "2061"]
[BlackElo "2241"]
[PlyCount "67"]
[EventDate "2020.??.??"]

1. d4 Nf6 2. Nf3 c5 3. d5 e6 4. Nc3 exd5 5. Nxd5 Nxd5 6. Qxd5 Be7 7. e4 d6 8.
Ng5 O-O 9. Bc4 Qe8 10. O-O Nd7 11. Re1 Ne5 12. Bf1 h6 13. f4 Nc6 14. Nf3 Bg4
15. c3 Rd8 16. Qb3 Qd7 17. Be3 Qc7 18. Nd2 d5 19. e5 b6 20. Qc2 Qc8 21. Bf2 f6
22. Bd3 fxe5 23. fxe5 Bg5 24. Nf1 Kh8 25. h3 Be6 26. Be3 c4 27. Bg6 Bf5 28.
Bxf5 Qxf5 29. Qxf5 Rxf5 30. Bxg5 Rxg5 31. e6 Re8 32. Rad1 Kg8 33. Nh2 Re5 34.
Rxe5 1/2-1/2

[Event "FB22 1920 SK Doppelbauer Kiel - SV Heme"]
[Site "?"]
[Date "2020.02.15"]
[Round "6.3"]
[White "Ciolacu, Alessia-Mihaela"]
[Black "Willrodt, Sonja"]
[Result "1-0"]
[WhiteElo "2030"]
[BlackElo "1875"]
[PlyCount "75"]
[EventDate "2020.??.??"]

1. d4 d5 2. c4 c6 3. Nf3 Nf6 4. Nc3 e6 5. Bg5 Be7 6. e3 Nbd7 7. Bd3 dxc4 8.
Bxc4 Nd5 9. Bxe7 Qxe7 10. Qc2 Nxc3 11. Qxc3 Nf6 12. O-O O-O 13. Rac1 c5 14. Qa3
b6 15. dxc5 Qxc5 16. Qxc5 bxc5 17. Be2 Nd7 18. Rfd1 Rb8 19. b3 a5 20. Nd2 Rd8
21. Ne4 Bb7 22. Nxc5 Nxc5 23. Rxc5 Rxd1+ 24. Bxd1 Ra8 25. Kf1 Kf8 26. Rc7 Bd5
27. Bc2 a4 28. e4 axb3 29. axb3 Ra1+ 30. Ke2 Ba8 31. f3 g6 32. b4 f5 33. b5
fxe4 34. fxe4 Ra2 35. Kd1 Rb2 36. Rxh7 Bxe4 37. Bxe4 Rxb5 38. Bxg6 1-0

[Event "FB22 1920 SK Doppelbauer Kiel - SV Heme"]
[Site "?"]
[Date "2020.02.15"]
[Round "6.4"]
[White "Schlueter, Sabrina"]
[Black "Sewald, Kathrin"]
[Result "0-1"]
[WhiteElo "1795"]
[BlackElo "1999"]
[PlyCount "86"]
[EventDate "2020.??.??"]

1. c4 e5 2. Nc3 d6 3. g3 Nf6 4. Bg2 g6 5. e4 Bg7 6. Nf3 O-O 7. O-O a5 8. d3 Na6
9. h3 Nc5 10. Be3 Ne6 11. a3 Nh5 12. Qd2 f5 13. exf5 gxf5 14. Bh6 c6 15. Bxg7
Kxg7 16. b4 h6 17. b5 Bd7 18. a4 Nf6 19. Rae1 Nh7 20. Nh2 f4 21. g4 Nd4 22. Nf3
Nxf3+ 23. Bxf3 Qh4 24. Kg2 Ng5 25. Rh1 h5 26. Reg1 Kf7 27. d4 exd4 28. Qxd4
Nxf3 29. Kxf3 hxg4+ 30. Ke2 Rae8+ 31. Kd2 f3 32. hxg4 Qg5+ 33. Kd1 Qg6 34. Rg3
Ke7 35. Qe4+ Qxe4 36. Nxe4 Rf4 37. Rh7+ Kd8 38. Nd2 Rd4 39. Rxd7+ Kxd7 40. Kc1
Re1+ 41. Kc2 Re2 42. Rxf3 Rdxd2+ 43. Kc3 Rxf2 0-1

[Event "FB22 1920 SK Doppelbauer Kiel - SV Heme"]
[Site "?"]
[Date "2020.02.15"]
[Round "6.5"]
[White "Dartmann Aubanell, Catriona"]
[Black "Rempe, Mieke"]
[Result "1/2-1/2"]
[WhiteElo "1773"]
[BlackElo "1677"]
[PlyCount "69"]
[EventDate "2020.??.??"]

1. e4 c6 2. d4 d5 3. exd5 cxd5 4. Bd3 Nf6 5. Ne2 g6 6. O-O Bg7 7. c3 O-O 8. Bf4
Nc6 9. Nd2 Re8 10. Nf3 Nd7 11. Qd2 e5 12. dxe5 Ndxe5 13. Nxe5 Nxe5 14. Bb5 Rf8
15. Nd4 a6 16. Ba4 Nc4 17. Qc2 Qh4 18. Bg3 Qg4 19. Rad1 f5 20. h3 Qg5 21. Nf3
Qh5 22. Rxd5 b5 23. Bb3 Bb7 24. Bxc4 bxc4 25. Rd7 Bxf3 26. gxf3 f4 27. Bh2 Qxf3
28. Qa4 Qxh3 29. Qxc4+ Kh8 30. Rfd1 Qg4+ 31. Kh1 Qf3+ 32. Kg1 Qg4+ 33. Kh1 Qf3+
34. Kg1 Qg4+ 35. Kh1 1/2-1/2

[Event "FB22 1920 SK Doppelbauer Kiel - SV Heme"]
[Site "?"]
[Date "2020.02.15"]
[Round "6.6"]
[White "Malinowsky, Celina"]
[Black "Becker, Linda"]
[Result "1/2-1/2"]
[WhiteElo "1309"]
[BlackElo "1702"]
[PlyCount "69"]
[EventDate "2020.??.??"]

1. e4 e6 2. d4 d5 3. exd5 exd5 4. Bd3 Nf6 5. Nf3 c5 6. c3 Be7 7. Bf4 O-O 8. O-O
Nc6 9. Nbd2 Bg4 10. dxc5 Bxc5 11. Qc2 Rc8 12. Rfe1 Bb6 13. Ne5 Nb4 14. Qb1 Nxd3
15. Qxd3 Be6 16. Ndf3 Ne4 17. Nd4 Qf6 18. Bg3 Rfe8 19. Nef3 Bg4 20. Nd2 Bxd4
21. Nxe4 dxe4 22. Qxd4 Qxd4 23. cxd4 Rc2 24. d5 f5 25. d6 Kf7 26. Rac1 Rec8 27.
Rxc2 Rxc2 28. h3 Bh5 29. Bh4 Ke6 30. Be7 Kd7 31. Re3 Be2 32. Rc3 Rxc3 33. bxc3
a5 34. a3 a4 35. g3 1/2-1/2

[Event "FB22 1920 Lübecker SV - Schachclub Stei"]
[Site "?"]
[Date "2020.02.15"]
[Round "6.1"]
[White "Freitag, Julia"]
[Black "Kopylov, Luba"]
[Result "0-1"]
[WhiteElo "2115"]
[BlackElo "2016"]
[PlyCount "62"]
[EventDate "2020.??.??"]

1. d4 Nf6 2. e3 g6 3. f4 Bg7 4. Nf3 O-O 5. c3 d6 6. Bc4 c5 7. O-O Nc6 8. Qe1
Qc7 9. Nbd2 e5 10. fxe5 dxe5 11. dxc5 e4 12. Ng5 Qe5 13. Qh4 h6 14. Ngxe4 Ng4
15. Rf3 Be6 16. Bxe6 Qxe6 17. h3 f5 18. hxg4 fxe4 19. Rxf8+ Bxf8 20. g5 Re8 21.
gxh6 Bxc5 22. Nb3 Be7 23. Qg3 Bd6 24. Qg5 Rf8 25. Nd4 Qf7 26. Nf5 Qxf5 27. Qxf5
Rxf5 28. Bd2 Ne5 29. b3 Ng4 30. c4 Bh2+ 31. Kh1 Bg3 0-1

[Event "FB22 1920 Lübecker SV - Schachclub Stei"]
[Site "?"]
[Date "2020.02.15"]
[Round "6.2"]
[White "Braeutigam, Irina"]
[Black "Moeller, Hannah"]
[Result "1-0"]
[WhiteElo "2062"]
[BlackElo "1831"]
[PlyCount "93"]
[EventDate "2020.??.??"]

1. e4 g6 2. d4 Bg7 3. Nc3 d6 4. Be3 c6 5. a4 Nf6 6. h3 h5 7. Nf3 Qa5 8. Bd3
Nbd7 9. O-O e5 10. Rb1 O-O 11. dxe5 Nxe5 12. Nxe5 dxe5 13. Bc4 Bd7 14. Bg5 Qc7
15. Qf3 Nh7 16. Be7 Be6 17. Bxf8 Bxc4 18. Bxg7 Bxf1 19. Bxe5 Qxe5 20. Rxf1 Rd8
21. Rd1 Rd4 22. Rxd4 Qxd4 23. Qd3 Qb6 24. b3 Qa5 25. Qd4 Nf8 26. b4 Qg5 27. Ne2
Ne6 28. Qd6 Qf6 29. c3 Kg7 30. a5 Qd8 31. Qxd8 Nxd8 32. f4 Kf6 33. Kf2 Ne6 34.
Ke3 c5 35. g4 hxg4 36. hxg4 b6 37. axb6 axb6 38. b5 Nc7 39. c4 g5 40. e5+ Ke6
41. Ke4 f6 42. f5+ Kf7 43. Nc3 Ne8 44. Nd5 fxe5 45. Kxe5 Kg7 46. Ke6 Kf8 47. f6
1-0